000 00278nam a22001337a 4500
008 171201b xxu||||| |||| 00| 0 eng d
020 _a9781429208383
041 _aeng
080 _a51
100 _a36
101 _aMAT
245 _aCALCULUS
_cROGAWSKI, J
942 _2udc
_cBK
999 _c38685
_d38685